Etica y convivencia /
Guardado en:
| Autor Principal: | |
|---|---|
| Otros Autores: | |
| Formato: | Libro |
| Publicado: |
México :
Longman,
1996
|
| Materias: | |
| Etiquetas: |
Agregar Etiqueta
Sin Etiquetas, Sea el primero en etiquetar este registro!
|
| LEADER | 00973nam a22002415a 4500 | ||
|---|---|---|---|
| 001 | CEM.cems010180 | ||
| 005 | 20080604120305.0 | ||
| 008 | 130507s1996##################000#0#####d | ||
| 003 | CEMS | ||
| 020 | |a 9684442335 | ||
| 082 | 0 | 4 | |a 170 |
| 100 | 1 | |a Bria, Llatzer | |
| 245 | 1 | 0 | |a Etica y convivencia / |c Llatzer Bria, Hilari Arnau |
| 260 | |a México : |b Longman, |c 1996 | ||
| 300 | |a 150 p. | ||
| 505 | 0 | |a Etica y ciencias de la conducta -- Los "tipos" morales -- Los inventores de la moral -- La moral, e aprende? -- Derecho a la información y a la imagen -- Qué es ser ciudadano? -- La educación vial, una asignatura pendiente -- Etica en las aulas -- Nacer, vivir y morir dignamente -- Y el sur también existe -- El consumismo, plaga del siglo XX? | |
| 653 | |a Consumismo | ||
| 653 | |a Convivencia | ||
| 653 | |a Etica | ||
| 653 | |a Formación ética y ciudadana | ||
| 653 | |a Moral | ||
| 700 | 1 | |a Arnau, Hilari | |
| 859 | |a CEMS |b BIB. CEMS - 11 de abril |h 170 |i B76 |p 20675.99 |t Ej.1 | ||
